000 01532nam a2200445 i 4500
001 318000
003 KOSZ 005
005 20201119145928.0
008 980713s1997 pl a f f |000 0 pol
015 _aPB 1997/8187
020 _a8301121939
040 _aWA N
_cWA N
_dKOSZ 005/HR
046 _k1997
080 _a658.15
080 _a(075.8)
100 1 _aSierpińska, Maria
_d(1950 -)
_eAutor
245 1 0 _aZarządzanie płynnością finansową w przedsiębiorstwie /
_cMaria Sierpińska, Dariusz Wędzki.
260 _aWarszawa :
_bWydaw. Naukowe PWN,
_c1997.
300 _a274, [3] s. :
_bwykr. ;
_c24 cm.
336 _2rdacontent
_aTekst
_btxt
337 _2rdamedia
_aBez urządzenia pośredniczcego
_bn
338 _2rdacarrier
_aWolumin
_bnc
380 _aKsiążki
380 _aPublikacje dydaktyczne
385 _mPoziom nauczania
_aSzkoły wyższe
388 _a1901-2000
388 _a1989-2000
500 _aNa okł. błędny ISBN.
504 _aBibliogr. s. 271-273.
650 4 _aPłynność finansowa
650 4 _aFinanse przedsiębiorstwa
650 4 _aZarządzanie finansami
655 4 _aPodręczniki akademickie
658 _aGospodarka, ekonomia, finanse
700 1 _aWędzki, Dariusz
_d(1970- )
_eAutor
710 2 _aWydawnictwo Naukowe PWN
_4pbl.
856 _uhttp://koha.tu.koszalin.pl/cgi-bin/koha/opac-detail.pl?biblionumber=31800
_yKatalog online BPK
856 _uhttp://libra.ibuk.pl/book/219449
_yIBUK
942 _2UKD
_cKS
999 _c31800
_d31800